Evaluation Of the Top 100 Sustainability Leaders ESG Metrics and Financial Insights
| Szerzők: | |
|---|---|
| Dokumentumtípus: | Könyv része |
| Megjelent: |
Budapesti Gazdaságtudományi Egyetem
Budapest
2025
|
| Sorozat: | Szemelvények a BGE kutatásaiból 2024
|
| Tárgyszavak: | |
| doi: | 10.29180/978-615-6886-21-7_14 |
| Kulcsszavak: | ESG sustainability Corporate Social Responsibility |
| Online Access: | http://publikaciotar.uni-bge.hu/2577 |
MARC
| LEADER | 00000naa a2200000 i 4500 | ||
|---|---|---|---|
| 001 | publ2577 | ||
| 005 | 20260126094402.0 | ||
| 008 | 251125s2025 hu o 000 zxx d | ||
| 020 | |a 978-615-6886-21-7 | ||
| 024 | |a 10.29180/978-615-6886-21-7_14 |2 doi | ||
| 040 | |a BGE Publikációtár Repozitórium |b hun | ||
| 100 | 1 | |a Kucséber László Zoltán | |
| 245 | 1 | 0 | |a Evaluation Of the Top 100 Sustainability Leaders |b ESG Metrics and Financial Insights |c Kucséber László Zoltán |h [elektronikus dokumentum] |
| 260 | |a Budapesti Gazdaságtudományi Egyetem |b Budapest |c 2025 | ||
| 300 | |a 136-142 | ||
| 490 | 0 | |a Szemelvények a BGE kutatásaiból 2024 | |
| 650 | 4 | |a közgazdaságtudományok | |
| 695 | |a ESG | ||
| 695 | |a sustainability | ||
| 695 | |a Corporate Social Responsibility | ||
| 700 | 1 | |a Csoma Róbert |e aut | |
| 856 | 4 | 0 | |u https://publikaciotar.uni-bge.hu/id/eprint/2577/1/BGE%20Szemelv%C3%A9nyek%202024%20III.%20k%C3%B6tet_14.pdf |z Dokumentum-elérés |